000 00645nam0a22002291 4500
001 rc\1013880
005 20250622075855.0
035 _a(NLR Aleph) 006179189
090 _a6047153
_c6047153
100 _a20041129d1981 |||y0rusy50 ca
101 0 _arus
102 _aRU
105 _ay |||||||||
200 1 _aРусская классика на дагестанской сцене
210 _aМахачкала
_cДаг. кн. изд-во
_d1981
215 _a57 с.
_d16
700 1 _aМагомедгаджиева
_bБ.
801 0 _aRU
_bNLR
_gpsbo
801 1 _aRU
_bELAR
_2rusmarc
852 _aNLR
_j81-2/3512
942 _cBOOK
980 _aNB